[Event "Memorial Guido Cappello"]
[Site "Milano ITA"]
[Date "2015.06.11"]
[Round "8"]
[White "Rottondi, Paolo"]
[Black "Brisotto, Stefano"]
[WhiteElo "1612"]
[BlackElo "1463"]
[Result "1/2-1/2"]
[PlyCount "78"]
[EventDate "2015.06.15"]

1. e4 c5 2. d4 cxd4 3. c3 Nf6 4. e5 Nd5 5. cxd4 Nc6 6. Nf3 d6 7. Bc4 Nb6 8. Bb5
Bd7 9. Bf4 dxe5 10. dxe5 e6 11. Qe2 Bb4+ 12. Nc3 O-O 13. O-O Bxc3 14. bxc3 Nd5
15. Bd2 Qe7 16. a3 Rfd8 17. c4 Nb6 18. Be3 Rac8 19. Rfd1 h6 20. Bxb6 axb6 21.
Qe3 Na5 22. Qxb6 Bxb5 23. Qxa5 Bxc4 24. h3 Rxd1+ 25. Rxd1 Be2 26. Rd2 Bxf3 27.
gxf3 Qg5+ 28. Kh2 Rc1 29. Qd8+ Qxd8 30. Rxd8+ Kh7 31. Rd7 Kg6 32. f4 Rc3 33.
Rxb7 Rxa3 34. Kg2 h5 35. h4 f6 36. Rb5 Ra4 37. Kg3 Ra3+ 38. f3 Ra6 39. Rc5 Rb6
1/2-1/2

[Event "Memorial Guido Cappello"]
[Site "Milano ITA"]
[Date "2015.06.11"]
[Round "8"]
[White "Spada, Maurizio"]
[Black "Mina, N. Mina"]
[WhiteElo "1599"]
[BlackElo "2180"]
[Result "0-1"]
[PlyCount "34"]
[EventDate "2015.06.15"]

1. e4 e5 2. Nf3 Nc6 3. Bc4 Bc5 4. c3 Nf6 5. d4 exd4 6. cxd4 Bb4+ 7. Nc3 Nxe4 8.
O-O Bxc3 9. bxc3 d5 10. Bb5 O-O 11. Bb2 Bg4 12. Re1 Qf6 13. Re3 Rfe8 14. Qc2
Nd6 15. Rae1 Rxe3 16. Rxe3 Nxb5 17. Qe2 Nd6 0-1

[Event "Open SSM A Maggio"]
[Site "Milano ITA"]
[Date "2015.05.20"]
[Round "1"]
[White "Bisignano, Giuseppe"]
[Black "Pelizzola, Danilo"]
[WhiteElo "1824"]
[BlackElo "2080"]
[Result "0-1"]
[PlyCount "76"]
[EventDate "2015.05.20"]

1. e4 e5 2. Nf3 Nc6 3. Bc4 Bc5 4. c3 Nf6 5. d3 d6 6. b4 Bb6 7. h3 Be6 8. Bxe6
fxe6 9. O-O O-O 10. a4 a6 11. a5 Ba7 12. Nbd2 Qd7 13. Nc4 Rae8 14. Rb1 Nh5 15.
Be3 Nf4 16. d4 exd4 17. cxd4 Qf7 18. Bxf4 Qxf4 19. Qd3 d5 20. Ncd2 Re7 21. b5
axb5 22. Rxb5 Rd7 23. g3 dxe4 24. gxf4 exd3 25. Rxb7 Bxd4 26. Nxd4 Rxd4 27. Ra1
Rdxf4 28. f3 Nd4 29. Rxc7 Nxf3+ 30. Nxf3 Rxf3 31. a6 Ra8 32. Kg2 Rf7 33. Rc6 e5
34. Re6 Rf6 35. Rxf6 gxf6 36. Kf3 Kf7 37. Ke4 d2 38. Kf5 Rxa6 0-1

[Event "Open SSM A Maggio"]
[Site "Milano ITA"]
[Date "2015.05.20"]
[Round "1"]
[White "Bracci, Andrea"]
[Black "Astengo, Corrado"]
[WhiteElo "1915"]
[BlackElo "2112"]
[Result "0-1"]
[PlyCount "42"]
[EventDate "2015.05.20"]

1. e4 c5 2. Nf3 d6 3. d4 Nf6 4. Nc3 cxd4 5. Nxd4 a6 6. Be2 e5 7. Nb3 Be7 8. Be3
Be6 9. O-O O-O 10. Qd2 Nc6 11. a4 Rc8 12. Rfd1 Nb4 13. Bf3 Ng4 14. Bxg4 Bxg4
15. f3 Be6 16. Nd5 Nxc2 17. Bb6 Qd7 18. Rac1 Bxd5 19. exd5 Qxa4 20. Qd3 Nb4 21.
Qe3 Rxc1 0-1

[Event "Open SSM A Maggio"]
[Site "Milano ITA"]
[Date "2015.05.20"]
[Round "1"]
[White "Cantoro, Daniele"]
[Black "Romagnoli, Thomas"]
[WhiteElo "2107"]
[BlackElo "1854"]
[Result "1-0"]
[PlyCount "53"]
[EventDate "2015.05.20"]

1. d4 Nf6 2. c4 e6 3. Nc3 Bb4 4. e3 b6 5. Nge2 Bb7 6. a3 Bxc3+ 7. Nxc3 O-O 8.
d5 Re8 9. Be2 d6 10. O-O Nbd7 11. b4 Ne5 12. f4 Ng6 13. Bd3 c6 14. dxe6 fxe6
15. Qc2 Kf7 16. Ne4 Nxe4 17. Bxe4 d5 18. f5 exf5 19. Bxf5 Kg8 20. cxd5 cxd5 21.
Bb2 Qe7 22. Bd4 Rad8 23. Rf3 Bc8 24. Bxg6 hxg6 25. Qxg6 Rd6 26. Qh5 Qe4 27.
Qf7+ 1-0

[Event "Open SSM A Maggio"]
[Site "Milano ITA"]
[Date "2015.05.20"]
[Round "1"]
[White "D'Alfonso, Nicola"]
[Black "Spelta, Andrea"]
[WhiteElo "2013"]
[BlackElo "1782"]
[Result "1-0"]
[PlyCount "79"]
[EventDate "2015.05.20"]

1. Nf3 Nf6 2. g3 g6 3. Bg2 Bg7 4. O-O O-O 5. d3 d6 6. e4 e5 7. Nbd2 Nc6 8. c3
h6 9. b4 Be6 10. b5 Ne7 11. Bb2 Qd7 12. a4 a6 13. c4 Bh3 14. d4 Bxg2 15. Kxg2
exd4 16. Bxd4 Rfe8 17. Qb3 Nh7 18. Qb2 Bxd4 19. Nxd4 Ng5 20. f4 Ne6 21. f5 Nxd4
22. fxg6 Nxg6 23. Qxd4 Qe6 24. Rf5 Ne5 25. Raf1 Kg7 26. Rxf7+ Qxf7 27. Rxf7+
Kxf7 28. Qd5+ Kf6 29. Qxb7 axb5 30. cxb5 Rxa4 31. Qxc7 Ra2 32. Qxd6+ Re6 33.
Qd8+ Kf7 34. Qd4 Ke7 35. Kh3 Kf7 36. b6 Nc6 37. Qd7+ Kf6 38. Nc4 Rc2 39. Nd6
Nb8 40. Qd8+ 1-0

[Event "Open SSM A Maggio"]
[Site "Milano ITA"]
[Date "2015.05.20"]
[Round "1"]
[White "Mariano, Elia"]
[Black "Cerioni, Armando"]
[WhiteElo "2226"]
[BlackElo "1994"]
[Result "1-0"]
[PlyCount "52"]
[EventDate "2015.05.20"]

1. d4 Nf6 2. Nc3 d6 3. Bg5 Nbd7 4. Nf3 h6 5. Bf4 c6 6. e4 Qa5 7. Qd2 e5 8. Bg3
Nh5 9. O-O-O b5 10. d5 b4 11. dxc6 Nc5 12. Nd5 Nxe4 13. Qe1 f5 14. Bc4 Ba6 15.
Bb3 Nhf6 16. Nxe5 dxe5 17. Bxe5 Nxd5 18. Rxd5 Bc5 19. f3 Rd8 20. fxe4 Rxd5 21.
exd5 Kd8 22. Bxg7 Re8 23. Bf6+ Be7 24. Qh4 Qc5 25. d6 Qe3+ 26. Kb1 Kc8 1-0

[Event "Open SSM A Maggio"]
[Site "Milano ITA"]
[Date "2015.05.21"]
[Round "2"]
[White "Astengo, Corrado"]
[Black "D'Alfonso, Nicola"]
[WhiteElo "2112"]
[BlackElo "2013"]
[Result "1-0"]
[PlyCount "61"]
[EventDate "2015.05.20"]

1. e4 d5 2. exd5 Qxd5 3. Nc3 Qa5 4. d4 Nf6 5. Bc4 c6 6. Nf3 Bf5 7. Bd2 e6 8.
Qe2 Bb4 9. a3 Bxc3 10. Bxc3 Qc7 11. O-O-O Nbd7 12. Ne5 b5 13. Bb3 Be4 14. Rhe1
a5 15. Nxd7 Qxd7 16. d5 Bxd5 17. Bxf6 gxf6 18. Bxd5 cxd5 19. Qf3 Rd8 20. Qxf6
Rg8 21. g3 b4 22. axb4 axb4 23. Rd4 b3 24. cxb3 Rc8+ 25. Kb1 Qc6 26. Rd2 Rg4
27. f4 Ra8 28. Rde2 Ra6 29. Qe5 Kd7 30. Rc2 Qd6 31. Qf6 1-0

[Event "Open SSM A Maggio"]
[Site "Milano ITA"]
[Date "2015.05.21"]
[Round "2"]
[White "Cerioni, Armando"]
[Black "Bisignano, Giuseppe"]
[WhiteElo "1994"]
[BlackElo "1824"]
[Result "1-0"]
[PlyCount "27"]
[EventDate "2015.05.20"]

1. e4 e5 2. Nf3 Nc6 3. d4 exd4 4. Nxd4 Bc5 5. Nxc6 Qf6 6. Qf3 Qxc6 7. Nc3 Bd4
8. Bd2 Nf6 9. O-O-O d6 10. Bb5 Bg4 11. Bxc6+ bxc6 12. Qd3 c5 13. f3 Bd7 14. Be3
1-0

[Event "Open SSM A Maggio"]
[Site "Milano ITA"]
[Date "2015.05.21"]
[Round "2"]
[White "Maccari, Piergiuseppe"]
[Black "Cantoro, Daniele"]
[WhiteElo "1751"]
[BlackElo "2107"]
[Result "0-1"]
[PlyCount "34"]
[EventDate "2015.05.20"]

1. Nf3 c5 2. g3 b6 3. Bg2 Bb7 4. O-O Nf6 5. c4 e6 6. Nc3 Be7 7. d4 d5 8. Bf4
O-O 9. Rc1 Na6 10. Nb5 dxc4 11. dxc5 Bxc5 12. Qa4 Nb4 13. Rfd1 Qe8 14. Rxc4 a6
15. Rxc5 bxc5 16. Nc3 Qxa4 17. Nxa4 Rad8 0-1

[Event "Open SSM A Maggio"]
[Site "Milano ITA"]
[Date "2015.05.21"]
[Round "2"]
[White "Pelizzola, Danilo"]
[Black "Mariano, Elia"]
[WhiteElo "2080"]
[BlackElo "2226"]
[Result "1/2-1/2"]
[PlyCount "214"]
[EventDate "2015.05.20"]

1. e4 e6 2. d4 d5 3. Nc3 dxe4 4. Nxe4 Nd7 5. Nf3 Ngf6 6. Bd3 Nxe4 7. Bxe4 c5 8.
O-O Nf6 9. Bd3 Bd7 10. Re1 Qb6 11. c3 cxd4 12. Nxd4 Bc5 13. b4 Bxd4 14. cxd4
O-O 15. b5 Rfc8 16. Bg5 Nd5 17. a4 f5 18. Be3 Rc3 19. Qd2 f4 20. Bxf4 Rxd3 21.
Qxd3 Nxf4 22. Qd2 Rf8 23. Ra3 a6 24. Rf3 Qd6 25. Re5 Nd5 26. Rxf8+ Qxf8 27.
bxa6 bxa6 28. h4 Qb4 29. Qxb4 Nxb4 30. Ra5 Kf7 31. Kf1 Ke7 32. Ke2 Bc6 33. f3
Bb7 34. Rc5 Nd5 35. g3 Kd6 36. f4 h6 37. Rc1 Bc6 38. a5 Ne7 39. Kd3 Bb5+ 40.
Ke4 Nf5 41. g4 Nxh4 42. Rc8 Bc6+ 43. Kd3 Ng2 44. f5 exf5 45. gxf5 Nh4 46. Rf8
Ke7 47. Rc8 Bd7 48. Rg8 Nxf5 49. d5 Bb5+ 50. Ke4 Nd6+ 51. Ke5 Ne8 52. d6+ Kf7
53. Rh8 Bc6 54. Kd4 Ke6 55. Kc5 Bb5 56. Rg8 h5 57. Rh8 Nxd6 58. Rxh5 Nc4 59.
Rh7 Kf6 60. Kb4 Ne5 61. Kc5 Nd7+ 62. Kd4 g5 63. Rh8 Kf5 64. Ke3 Kg4 65. Rg8 Ne5
66. Ke4 Nc4 67. Rg7 Bc6+ 68. Kd4 Bb5 69. Ke4 Kh4 70. Kf5 Nd6+ 71. Ke5 Ne8 72.
Rg8 Kg4 73. Rg6 Kh5 74. Rg8 Bd7 75. Rh8+ Kg6 76. Rg8+ Kh6 77. Rh8+ Kg7 78. Rh5
Kg6 79. Rh8 Nf6 80. Rd8 Ng4+ 81. Kd4 Bb5 82. Ke4 Nf6+ 83. Ke5 Nd7+ 84. Ke4 Bc6+
85. Ke3 Kf5 86. Rc8 Bb5 87. Rg8 Nc5 88. Rb8 Kg4 89. Rb6 Kg3 90. Rg6 g4 91. Rg5
Nd7 92. Rd5 Nb8 93. Rd1 Nc6 94. Rg1+ Kh3 95. Kf4 Be2 96. Re1 Bf3 97. Ra1 Nb4
98. Ra3 Nd5+ 99. Ke5 Kg3 100. Ra2 Nb4 101. Ra4 Nc6+ 102. Kd6 Kf2 103. Rxg4 Nxa5
104. Ra4 Nb7+ 105. Kc7 Nc5 106. Ra2+ Ke3 107. Kb6 Ne4 1/2-1/2

[Event "Open SSM A Maggio"]
[Site "Milano ITA"]
[Date "2015.05.21"]
[Round "2"]
[White "Romagnoli, Thomas"]
[Black "Bracci, Andrea"]
[WhiteElo "1854"]
[BlackElo "1915"]
[Result "1-0"]
[PlyCount "81"]
[EventDate "2015.05.20"]

1. e4 c5 2. Nf3 Nc6 3. d4 cxd4 4. Nxd4 e5 5. Nb5 d6 6. N1c3 a6 7. Na3 b5 8. Nd5
Nge7 9. c4 Nd4 10. cxb5 Nxd5 11. exd5 Be7 12. bxa6 Qa5+ 13. Bd2 Qxd5 14. Be3
O-O 15. f3 Bh4+ 16. g3 Bf6 17. Bxd4 exd4 18. Kf2 d3 19. Qb3 Bd4+ 20. Kg2 Qh5
21. h4 Be6 22. Qxd3 Bxb2 23. Rb1 Bf5 24. Qb5 Rfb8 25. Qxb8+ Rxb8 26. a7 Rc8 27.
Rxb2 Be6 28. Ba6 Qa5 29. Bxc8 Qxa7 30. Bxe6 fxe6 31. Nb5 Qc5 32. a4 e5 33. a5
e4 34. fxe4 Qe5 35. Rhb1 Qxe4+ 36. Kh2 h5 37. a6 g5 38. Nxd6 Qf3 39. Rb8+ Kg7
40. R1b7+ Kh6 41. Nf7+ 1-0

[Event "Open SSM A Maggio"]
[Site "Milano ITA"]
[Date "2015.05.22"]
[Round "3"]
[White "Bracci, Andrea"]
[Black "Maccari, Piergiuseppe"]
[WhiteElo "1915"]
[BlackElo "1751"]
[Result "0-1"]
[PlyCount "82"]
[EventDate "2015.05.20"]

1. e4 c5 2. Nf3 d6 3. d4 cxd4 4. Nxd4 Nf6 5. Nc3 g6 6. Be3 Bg7 7. f3 O-O 8. Qd2
Nc6 9. Bc4 Bd7 10. h4 Qa5 11. O-O-O Rfc8 12. Bb3 Ne5 13. Kb1 Nc4 14. Bxc4 Rxc4
15. Nb3 Qa6 16. h5 Be6 17. hxg6 fxg6 18. Bh6 Bh8 19. g4 Rac8 20. g5 Nh5 21. f4
Rxc3 22. bxc3 Bxc3 23. Qc1 Ng3 24. Rhe1 Ne2 25. Rxe2 Qxe2 26. f5 Bxb3 27. cxb3
Qxe4+ 28. Qc2 Qxc2+ 29. Kxc2 gxf5 30. Kd3 Be5 31. Re1 Kf7 32. Rf1 Kg6 33. Re1
e6 34. Re2 Rc3+ 35. Kd2 Rh3 36. Kd1 Rh2 37. Re3 Rxa2 38. Rh3 Rh2 39. Rd3 f4 40.
Bf8 Kf5 41. Bxd6 Ke4 0-1

[Event "Open SSM A Maggio"]
[Site "Milano ITA"]
[Date "2015.05.22"]
[Round "3"]
[White "Cantoro, Daniele"]
[Black "Astengo, Corrado"]
[WhiteElo "2107"]
[BlackElo "2112"]
[Result "0-1"]
[PlyCount "48"]
[EventDate "2015.05.20"]

1. d4 d5 2. c4 c6 3. Nc3 Nf6 4. cxd5 cxd5 5. Nf3 Nc6 6. Bf4 a6 7. e3 Bg4 8. h3
Bh5 9. g4 Bg6 10. Qb3 Na5 11. Qa4+ Nc6 12. Ne5 Qb6 13. O-O-O e6 14. h4 Bb4 15.
Nb1 Rc8 16. a3 O-O 17. axb4 Nxe5+ 18. Nc3 Nexg4 19. h5 Nxh5 20. f3 Nf2 21. Rxh5
Nxd1 22. Rh2 Nxc3 23. bxc3 Rxc3+ 24. Kb2 Rfc8 0-1

[Event "Open SSM A Maggio"]
[Site "Milano ITA"]
[Date "2015.05.22"]
[Round "3"]
[White "D'Alfonso, Nicola"]
[Black "Pelizzola, Danilo"]
[WhiteElo "2013"]
[BlackElo "2080"]
[Result "1/2-1/2"]
[PlyCount "87"]
[EventDate "2015.05.20"]

1. Nf3 Nf6 2. g3 b6 3. Bg2 Bb7 4. O-O e6 5. d3 d5 6. Nbd2 Be7 7. Re1 O-O 8. e4
dxe4 9. Ng5 Nbd7 10. Ngxe4 Nxe4 11. Nxe4 Rb8 12. Nd2 Bxg2 13. Kxg2 Nf6 14. b3
Qd4 15. Rb1 Bc5 16. Qe2 Bb4 17. Nf3 Qd5 18. Bd2 Bxd2 19. Qxd2 Rbd8 20. Qf4 Qc6
21. Qc4 Qb7 22. Re5 Rd5 23. Rxd5 Nxd5 24. Kg1 c5 25. Re1 Nf6 26. Ne5 Rd8 27. c3
Qd5 28. Qxd5 Nxd5 29. Rc1 f6 30. Nf3 Rc8 31. Kf1 Kf7 32. Ke2 e5 33. Kd2 g5 34.
c4 Nb4 35. a3 Nc6 36. g4 Rd8 37. Kc3 a5 38. Nd2 h5 39. f3 hxg4 40. fxg4 Rh8 41.
Rf1 Nd4 42. Ne4 Rxh2 43. Rxf6+ Ke7 44. Rf2 1/2-1/2

[Event "Open SSM A Maggio"]
[Site "Milano ITA"]
[Date "2015.05.22"]
[Round "3"]
[White "Mariano, Elia"]
[Black "Romagnoli, Thomas"]
[WhiteElo "2226"]
[BlackElo "1854"]
[Result "0-1"]
[PlyCount "74"]
[EventDate "2015.05.20"]

1. d4 Nf6 2. Nc3 d5 3. Bg5 Nbd7 4. f3 e6 5. e4 dxe4 6. fxe4 Be7 7. Nf3 O-O 8.
Bd3 c5 9. e5 Nd5 10. Qd2 f6 11. Nxd5 exd5 12. exf6 Bxf6 13. O-O-O c4 14. Bf5
Nb6 15. Bxc8 Rxc8 16. Bxf6 Rxf6 17. c3 Na4 18. Qg5 Qa5 19. Qe3 Rb6 20. Rd2 Qb5
21. Rc2 Nxb2 22. Rf1 Nd3+ 23. Kd2 Re8 24. Ne5 Nxe5 25. dxe5 d4 26. cxd4 c3+ 27.
Ke1 Qc4 28. Rf4 Rb1+ 29. Rc1 Rxc1+ 30. Qxc1 c2 31. Rf2 Rc8 32. Rd2 Qxa2 33. Rd3
Qc4 34. Kd2 b5 35. Ke3 b4 36. d5 b3 37. d6 b2 0-1

[Event "Open SSM A Maggio"]
[Site "Milano ITA"]
[Date "2015.05.22"]
[Round "3"]
[White "Spelta, Andrea"]
[Black "Cerioni, Armando"]
[WhiteElo "1782"]
[BlackElo "1994"]
[Result "1-0"]
[PlyCount "53"]
[EventDate "2015.05.20"]

1. b4 e5 2. Bb2 Bxb4 3. Bxe5 Nf6 4. e3 O-O 5. Nf3 d5 6. Be2 Nc6 7. Bb2 Bg4 8.
O-O Qe7 9. d3 Rfe8 10. a3 Bd6 11. Nbd2 Rad8 12. c4 Ne5 13. Bxe5 Bxe5 14. d4 Bd6
15. c5 Bxc5 16. dxc5 Qxc5 17. Qb3 b6 18. Rac1 Qe7 19. Bb5 Rf8 20. Nd4 Ne4 21.
Nxe4 dxe4 22. Nc6 Qg5 23. Nxd8 Bh3 24. g3 Qh5 25. Rfd1 Qf3 26. Bf1 Bxf1 27.
Rxf1 1-0

[Event "Open SSM A Maggio"]
[Site "Milano ITA"]
[Date "2015.05.23"]
[Round "4"]
[White "Astengo, Corrado"]
[Black "Spelta, Andrea"]
[WhiteElo "2112"]
[BlackElo "1782"]
[Result "1-0"]
[PlyCount "59"]
[EventDate "2015.05.20"]

1. e4 c5 2. Nf3 d6 3. d4 cxd4 4. Nxd4 Nf6 5. Nc3 a6 6. Bg5 e6 7. f4 Be7 8. Qf3
Qc7 9. O-O-O Nbd7 10. g4 b5 11. Bxf6 Nxf6 12. g5 Nd7 13. f5 Bxg5+ 14. Kb1 Ne5
15. Qh5 Qe7 16. fxe6 g6 17. exf7+ Kxf7 18. Qe2 Bg4 19. Qf2+ Kg7 20. Be2 Rhf8
21. Qg2 Bxe2 22. Qxe2 Rfe8 23. h4 Bh6 24. Nd5 Qd8 25. h5 Ra7 26. hxg6 hxg6 27.
Rdg1 Bg5 28. Qh2 Nf7 29. Qh7+ Kf8 30. Rf1 1-0

[Event "Open SSM A Maggio"]
[Site "Milano ITA"]
[Date "2015.05.23"]
[Round "4"]
[White "Bisignano, Giuseppe"]
[Black "Bracci, Andrea"]
[WhiteElo "1824"]
[BlackElo "1915"]
[Result "1-0"]
[PlyCount "107"]
[EventDate "2015.05.20"]

1. e4 c5 2. Nf3 Nc6 3. Nc3 d6 4. d4 cxd4 5. Nxd4 Nf6 6. Bc4 e6 7. O-O Be7 8.
Be3 O-O 9. Qe2 Qc7 10. f4 Bd7 11. h3 Nxd4 12. Bxd4 e5 13. fxe5 dxe5 14. Be3 Bc5
15. Rxf6 Bxe3+ 16. Qxe3 Qxc4 17. Qg5 Qc5+ 18. Kh2 Bc6 19. Rd1 Qe7 20. Rdf1 Rad8
21. h4 Kh8 22. R6f5 f6 23. Qe3 Qb4 24. b3 Rd4 25. Nd5 Bxd5 26. exd5 Rxd5 27. c4
Ra5 28. a4 Rd8 29. R1f2 Qd6 30. Qe4 Rd7 31. Rh5 h6 32. g3 Qd4 33. Qf5 e4 34. c5
e3 35. Rf4 Qe5 36. Qxd7 Qxh5 37. Qd8+ Kh7 38. Qxa5 Qe2+ 39. Kg1 Qd1+ 40. Kh2
Qc2+ 41. Kh3 Qd1 42. c6 e2 43. Qf5+ Kg8 44. c7 Qh1+ 45. Kg4 e1=Q 46. c8=Q+ Kf7
47. Qc4+ Kf8 48. Qfc5+ Qe7 49. Qxe7+ Kxe7 50. Re4+ Kf8 51. Qe6 Qd1+ 52. Re2 Qd8
53. Kh3 h5 54. Rc2 1-0

[Event "Open SSM A Maggio"]
[Site "Milano ITA"]
[Date "2015.05.23"]
[Round "4"]
[White "Maccari, Piergiuseppe"]
[Black "Mariano, Elia"]
[WhiteElo "1751"]
[BlackElo "2226"]
[Result "0-1"]
[PlyCount "74"]
[EventDate "2015.05.20"]

1. Nf3 f5 2. e4 fxe4 3. Ng5 Nf6 4. d3 h6 5. Nxe4 e6 6. Be2 Qe7 7. Nbc3 d5 8.
Ng3 Bd7 9. O-O Nc6 10. Bh5+ Nxh5 11. Qxh5+ Qf7 12. Qxf7+ Kxf7 13. Bd2 Nd4 14.
Rac1 Bd6 15. Nce2 Nf5 16. c3 g5 17. d4 Kg6 18. Nxf5 exf5 19. Rfe1 f4 20. c4
dxc4 21. Rxc4 Rhe8 22. Rcc1 Kf5 23. Nc3 Rxe1+ 24. Rxe1 Re8 25. Rxe8 Bxe8 26. f3
Be7 27. Nd5 Bd8 28. Nb4 Bf7 29. a3 Bc4 30. Kf2 c6 31. Bc3 Bb6 32. Ke1 Ke6 33.
Nc2 a5 34. b4 a4 35. Kd2 Kd5 36. g3 h5 37. gxf4 gxf4 0-1

[Event "Open SSM A Maggio"]
[Site "Milano ITA"]
[Date "2015.05.23"]
[Round "4"]
[White "Pelizzola, Danilo"]
[Black "Romagnoli, Thomas"]
[WhiteElo "2080"]
[BlackElo "1854"]
[Result "1/2-1/2"]
[PlyCount "119"]
[EventDate "2015.05.20"]

1. e4 c5 2. Nf3 Nc6 3. d4 cxd4 4. Nxd4 e5 5. Nb5 a6 6. Nd6+ Bxd6 7. Qxd6 Qf6 8.
Qxf6 Nxf6 9. Nc3 d5 10. Bd3 Be6 11. exd5 Nxd5 12. Nxd5 Bxd5 13. O-O O-O 14. Be3
f5 15. f3 e4 16. fxe4 fxe4 17. Be2 Rxf1+ 18. Bxf1 Nb4 19. Bc5 Nc6 20. Rd1 Be6
21. a3 Rc8 22. b4 a5 23. c3 axb4 24. cxb4 Kf7 25. Be2 Ra8 26. Rf1+ Kg6 27. Ra1
b6 28. Bxb6 Nxb4 29. a4 Nd5 30. Bd4 Nb4 31. Bb5 Nc2 32. Bc6 Rd8 33. Bb6 Rd6 34.
Bxe4+ Bf5 35. Bxf5+ Kxf5 36. Rc1 Rxb6 37. Rxc2 Ra6 38. Rc4 Ra5 39. Rb4 Ke5 40.
Rb5+ Rxb5 41. axb5 Kd5 42. Kf2 Kc5 43. Ke3 Kxb5 44. Ke4 Kc6 45. Ke5 Kd7 46. h4
Ke7 47. h5 Kf7 48. Kf5 g6+ 49. Kg5 Kg7 50. Kh4 gxh5 51. Kxh5 h6 52. Kh4 Kh7 53.
Kg3 h5 54. Kf3 Kh6 55. Kf4 Kg6 56. Ke4 Kg5 57. Kf3 h4 58. Kf2 Kf4 59. Kg1 Kg3
60. Kh1 1/2-1/2

[Event "Open SSM A Maggio"]
[Site "Milano ITA"]
[Date "2015.05.24"]
[Round "5"]
[White "Bisignano, Giuseppe"]
[Black "Maccari, Piergiuseppe"]
[WhiteElo "1824"]
[BlackElo "1751"]
[Result "0-1"]
[PlyCount "124"]
[EventDate "2015.05.20"]

1. e4 c5 2. Nf3 d6 3. d4 cxd4 4. Nxd4 Nf6 5. Nc3 g6 6. Be2 Bg7 7. Be3 O-O 8.
O-O Nc6 9. Re1 Bd7 10. f4 Qb6 11. Rb1 Nxe4 12. Nd5 Qd8 13. Bf3 Nf6 14. b4 Nxd5
15. Bxd5 e6 16. Bf3 Nxd4 17. Bxd4 Bc6 18. Bxc6 bxc6 19. Bxg7 Kxg7 20. Qd4+ Kg8
21. Red1 d5 22. Qc5 Qb6 23. Qd4 Rfb8 24. Rb3 a5 25. a3 Kf8 26. Kf1 Qxd4 27.
Rxd4 axb4 28. axb4 Ke7 29. g4 Ra2 30. Rd2 Ra4 31. c3 c5 32. Rd1 cxb4 33. Rdb1
Kd6 34. cxb4 f6 35. Kf2 e5 36. Ke3 Ra2 37. R1b2 Rxb2 38. Rxb2 Rc8 39. g5 f5 40.
fxe5+ Kxe5 41. b5 d4+ 42. Kd3 Rc3+ 43. Kd2 Kd5 44. b6 Rc8 45. b7 Rb8 46. Kd3
Kc6 47. Rc2+ Kxb7 48. Kxd4 Re8 49. Kd5 Re3 50. Kd6 Rd3+ 51. Ke5 Rh3 52. Kf6 Kb6
53. Ke5 Kb5 54. Kd5 Kb4 55. Kd4 Kb3 56. Rg2 Rh4+ 57. Kd3 Re4 58. Rg1 Ra4 59.
Rb1+ Ka2 60. Rg1 Rb4 61. Rg2+ Rb2 62. Rxb2+ Kxb2 0-1

[Event "Open SSM A Maggio"]
[Site "Milano ITA"]
[Date "2015.05.24"]
[Round "5"]
[White "Mariano, Elia"]
[Black "Astengo, Corrado"]
[WhiteElo "2226"]
[BlackElo "2112"]
[Result "1/2-1/2"]
[PlyCount "82"]
[EventDate "2015.05.20"]

1. f4 d5 2. Nf3 Nf6 3. g3 Bf5 4. Bg2 e6 5. b3 Be7 6. Bb2 c5 7. e3 Nc6 8. O-O
O-O 9. h3 Ne4 10. g4 Bg6 11. d3 Nd6 12. Nbd2 Bf6 13. Ne5 Bxe5 14. fxe5 Nc8 15.
Qe2 Nb6 16. Nf3 Nd7 17. c4 dxc4 18. dxc4 Qc7 19. Nh4 Ndxe5 20. Nxg6 hxg6 21.
Be4 Qe7 22. Qh2 f5 23. Bxe5 Nxe5 24. Qxe5 fxe4 25. Qxe4 Qd6 26. Qxb7 Qg3+ 27.
Qg2 Qxe3+ 28. Kh2 Rxf1 29. Rxf1 Rd8 30. Qf3 Rd2+ 31. Kg3 Qe5+ 32. Qf4 Rd3+ 33.
Kg2 Qc3 34. Rf3 Rd2+ 35. Kg3 Qc1 36. Kh4 Qe1+ 37. Kg5 Kh7 38. Re3 Re2 39. Qe4
Rxe3 40. Qxg6+ Kg8 41. Qe8+ Kh7 1/2-1/2

[Event "Open SSM A Maggio"]
[Site "Milano ITA"]
[Date "2015.05.24"]
[Round "5"]
[White "Romagnoli, Thomas"]
[Black "D'Alfonso, Nicola"]
[WhiteElo "1854"]
[BlackElo "2013"]
[Result "0-1"]
[PlyCount "40"]
[EventDate "2015.05.20"]

1. e4 d5 2. exd5 Qxd5 3. Nc3 Qa5 4. d4 Nf6 5. Bd2 c6 6. Nf3 Bf5 7. Bc4 e6 8.
O-O Nbd7 9. Re1 Qc7 10. d5 cxd5 11. Bxd5 Bc5 12. Be3 O-O-O 13. Bb3 Ne5 14. Qe2
Bxe3 15. Qxe3 Nfg4 16. Qxa7 Nxf3+ 17. gxf3 Qxh2+ 18. Kf1 Rd2 19. Qa8+ Kc7 20.
Qa5+ Kb8 0-1

[Event "Open SSM A Maggio"]
[Site "Milano ITA"]
[Date "2015.05.24"]
[Round "5"]
[White "Spelta, Andrea"]
[Black "Pelizzola, Danilo"]
[WhiteElo "1782"]
[BlackElo "2080"]
[Result "1-0"]
[PlyCount "140"]
[EventDate "2015.05.20"]

1. Nf3 Nf6 2. g3 b6 3. Bg2 Bb7 4. O-O e6 5. d4 Be7 6. c4 O-O 7. Nc3 Ne4 8. Qc2
f5 9. Nd2 Nxc3 10. bxc3 Bxg2 11. Kxg2 Nc6 12. Nf3 Qe8 13. Qd3 Bd6 14. e4 fxe4
15. Qxe4 Qf7 16. Ng5 Qf5 17. Qxf5 Rxf5 18. Ne4 Be7 19. f4 Raf8 20. Be3 Na5 21.
Nd2 Ba3 22. Rab1 a6 23. Kf3 h5 24. Ke2 Rb8 25. Kd3 Rff8 26. Nf3 Bd6 27. Nd2 Be7
28. Nf3 Bf6 29. Nd2 Rb7 30. a4 Rbb8 31. Nf3 Nc6 32. Nd2 g6 33. Nf3 d6 34. Nd2
Bg7 35. Ne4 e5 36. fxe5 dxe5 37. d5 Ne7 38. Ng5 Nf5 39. Ne6 Nxe3 40. Kxe3 Rfc8
41. Ke4 c6 42. Nxg7 cxd5+ 43. cxd5 Kxg7 44. Kxe5 Rxc3 45. Rb2 Rc5 46. Ke6 Rd8
47. d6 Rc6 48. Rd2 b5 49. axb5 axb5 50. Rf7+ Kg8 51. Rd7 Re8+ 52. Kd5 Rb6 53.
Kc5 Rbb8 54. Rc7 Kf8 55. Rf2+ Kg8 56. d7 Red8 57. Kd6 b4 58. Rb2 Kf7 59. Rf2+
Kg8 60. Rb2 b3 61. Ke6 Kf8 62. Rf2+ Kg7 63. Rb2 Rb6+ 64. Ke7 Rbb8 65. Ke6 Kh6
66. Rc3 Rb7 67. Rd3 Kg7 68. Rbxb3 Ra7 69. Rbc3 Raa8 70. Ke7 Rf8 1-0

[Event "Open SSM A Maggio"]
[Site "Milano ITA"]
[Date "2015.05.24"]
[Round "6"]
[White "D'Alfonso, Nicola"]
[Black "Mariano, Elia"]
[WhiteElo "2013"]
[BlackElo "2226"]
[Result "1/2-1/2"]
[PlyCount "47"]
[EventDate "2015.05.20"]

1. Nf3 d5 2. g3 Nf6 3. Bg2 c6 4. O-O Bg4 5. d3 Nbd7 6. Nbd2 e6 7. h3 Bxf3 8.
Bxf3 Bd6 9. e4 O-O 10. exd5 exd5 11. a4 Re8 12. Nb3 Qc7 13. Nd4 g6 14. Ne2 Kg7
15. Qd2 Ng8 16. b3 Be5 17. d4 Bf6 18. h4 Ne7 19. h5 Nf5 20. hxg6 hxg6 21. Bg4
Rxe2 22. Qxe2 Nxd4 23. Qd1 Ne6 24. Rb1 1/2-1/2

[Event "Open SSM A Maggio"]
[Site "Milano ITA"]
[Date "2015.05.24"]
[Round "6"]
[White "Pelizzola, Danilo"]
[Black "Bracci, Andrea"]
[WhiteElo "2080"]
[BlackElo "1915"]
[Result "1/2-1/2"]
[PlyCount "120"]
[EventDate "2015.05.20"]

1. e4 c5 2. Nf3 e6 3. d4 cxd4 4. Nxd4 Nf6 5. Nc3 d6 6. g3 Be7 7. Bg2 O-O 8. O-O
a6 9. Be3 Qc7 10. a4 Bd7 11. Qe2 Nc6 12. Nb3 Ne5 13. Rfd1 Nc4 14. Bc1 Rac8 15.
Nd4 Qb8 16. b3 Ne5 17. Bb2 Nc6 18. Nxc6 Bxc6 19. Rd4 Rfd8 20. h3 Rd7 21. Kh2
Rdc7 22. Rd2 Be8 23. Nd1 b5 24. axb5 Qxb5 25. Qxb5 axb5 26. Ne3 Bc6 27. e5 dxe5
28. Bxe5 Rd7 29. Rxd7 Nxd7 30. Bxc6 Rxc6 31. Ra8+ Bf8 32. Bb2 f6 33. Rd8 Rc7
34. Ba3 Kf7 35. Bxf8 Nxf8 36. Rb8 Rc5 37. Rb7+ Kg6 38. Kg2 e5 39. b4 Rc3 40.
Rxb5 Ne6 41. Ra5 Nd4 42. Ra2 f5 43. Nd5 Rxc2 44. Rxc2 Nxc2 45. b5 Nd4 46. b6
Nc6 47. b7 Kf7 48. Kf1 Ke6 49. Nc7+ Kf6 50. Na6 g5 51. b8=Q Nxb8 52. Nxb8 h5
53. Ke2 e4 54. Ke3 Ke5 55. Nc6+ Kd5 56. Nb8 Ke5 57. f4+ exf3 58. Kxf3 g4+ 59.
hxg4 fxg4+ 60. Kg2 Kf5 1/2-1/2